| 000 | 00353nam a2200145Ia 4500 | ||
|---|---|---|---|
| 008 | 150201s2010 xx 000 0 und d | ||
| 082 |
_a617.643 _bC2010N |
||
| 100 | _aNANDA, RAVINDERA | ||
| 245 | _aCURRENT THERAPY IN ORTHODONTICS | ||
| 250 | _a1ST | ||
| 260 |
_bMOSBY _aNEW DELHI _c2010 |
||
| 300 | _a1-396 | ||
| 650 | _aORTHODONTICS | ||
| 942 |
_2ddc _cBK |
||
| 999 |
_c4549 _d4549 |
||